[Event "Barcelona Sant Marti op-B 23rd"]
[Site "Barcelona"]
[Date "2023.07.17"]
[Round "5"]
[White "Vicente Soriano, Josep"]
[Black "Membrives Cano, Diego"]
[Result "1-0"]
[WhiteElo "1729"]
[BlackElo "1324"]
[PlyCount "35"]
[EventDate "2023.07.13"]
[EventType "swiss"]
[EventRounds "9"]
[EventCountry "ESP"]
[SourceTitle "CBM 215 Extra"]
[Source "ChessBase"]
[SourceDate "2023.09.30"]
[SourceVersion "1"]
[SourceVersionDate "2023.09.30"]
[SourceQuality "1"]

1. e4 d6 2. Nc3 Nf6 3. f4 Nbd7 4. Nf3 e5 5. d3 c6 6. g3 Qc7 7. Bg2 d5 8. fxe5 Nxe5 9. d4 Nxf3+ 10. Bxf3 dxe4 11. Nxe4 Nxe4 12. Bxe4 Bd6 13. 0-0 0-0 14. c3 Bh3 15. Bxh7+ Kh8 16. Qh5 g6 17. Bxg6+ Kg7 18. Qh7# 1-0

[Event "Benidorm op-B"]
[Site "Benidorm"]
[Date "2022.12.06"]
[Round "4"]
[White "Vicente Soriano, Josep"]
[Black "Izquierdo Carbellido, Pablo"]
[Result "0-1"]
[WhiteElo "1713"]
[BlackElo "1900"]
[PlyCount "82"]
[EventDate "2022.12.03"]
[EventType "swiss"]
[EventRounds "9"]
[EventCountry "ESP"]
[SourceTitle "CBM 212 Extra"]
[Source "ChessBase"]
[SourceDate "2023.03.31"]
[SourceVersion "1"]
[SourceVersionDate "2023.03.31"]
[SourceQuality "1"]

1. e4 e6 2. Qe2 e5 3. g3 Bc5 4. c3 Nc6 5. Bg2 Nge7 6. Nf3 f6 7. 0-0 0-0 8. Qc4+ d5 9. exd5 Qxd5 10. Qxd5+ Nxd5 11. d3 Be6 12. Nbd2 Rad8 13. Nb3 Bb6 14. d4 exd4 15. Nfxd4 Nxd4 16. Nxd4 Bxd4 17. cxd4 c6 18. Bxd5 Rxd5 19. Be3 Rfd8 20. a3 a5 21. Rfe1 Rb5 22. Re2 a4 23. Rc1 Rbd5 24. Rd2 Kf7 25. Rc5 R5d6 26. Rdc2 Bb3 27. Rc1 Re6 28. R5c3 f5 29. f4 h6 30. Kf2 Kf6 31. h4 Kg6 32. Re1 Bd5 33. Bd2 Be4 34. Be3 b6 35. Rec1 Kh5 36. Re1 Kg4 37. Rcc1 Rd5 38. Rc3 Rg6 39. Rcc1 Kh3 40. Rg1 Rb5 41. h5 Rxb2+ 0-1

[Event "Moia op 8th"]
[Site "Moia"]
[Date "2019.11.01"]
[Round "5.4"]
[White "Valldeoriola Puigdoller, Agusti"]
[Black "Vicente Soriano, Josep"]
[Result "1/2-1/2"]
[WhiteElo "2005"]
[BlackElo "1723"]
[PlyCount "103"]
[EventDate "2019.09.20"]
[EventType "swiss"]
[EventRounds "8"]
[EventCountry "ESP"]
[SourceTitle "EXT 2024"]
[Source "ChessBase"]
[SourceDate "2023.10.10"]
[SourceVersion "1"]
[SourceVersionDate "2023.10.10"]
[SourceQuality "1"]

1. e4 c5 2. Nf3 Nc6 3. d4 cxd4 4. Nxd4 Nf6 5. Nc3 g6 6. Be2 Bg7 7. Be3 d6 8. 0-0 0-0 9. h3 Bd7 10. Nb3 Rc8 11. Qd2 a6 12. Rad1 Ne5 13. f4 Nc4 14. Bxc4 Rxc4 15. e5 Ne4 16. Nxe4 Rxe4 17. Qd3 Bc6 18. Nc5 Rxe3 19. Qxe3 Qb6 20. exd6 exd6 21. Rxd6 Qxb2 22. Qb3 Re8 23. Qxb2 Bxb2 24. Rd3 Bb5 25. Nxb7 Bxd3 26. cxd3 Re7 27. Na5 Re2 28. Nb3 a5 29. Rf2 Re1+ 30. Kh2 Bc3 31. Rc2 Bb4 32. a4 Re3 33. Nc5 Be1 34. Ne4 Rxd3 35. Rc8+ Kg7 36. Rc5 Re3 37. Rc4 f5 38. Rc7+ Kf8 39. Rc8+ Ke7 40. Rc7+ Kd8 41. Rxh7 Rxe4 42. Rg7 Re6 43. g4 fxg4 44. hxg4 Ke8 45. Kg2 Kf8 46. Rc7 Re7 47. Rc6 Kf7 48. Kf3 Bd2 49. Rc2 Bb4 50. Rc6 Re6 51. Rc7+ Re7 52. Rc6 1/2-1/2

[Event "Barcelona Sant Marti op-B 20th"]
[Site "Barcelona"]
[Date "2018.07.14"]
[Round "2"]
[White "Vicente Soriano, Josep"]
[Black "Costa Trave, Jaume"]
[Result "0-1"]
[WhiteElo "1701"]
[BlackElo "1862"]
[PlyCount "104"]
[EventDate "2018.07.13"]
[EventType "swiss"]
[EventRounds "9"]
[EventCountry "ESP"]
[SourceTitle "EXT 2019"]
[Source "ChessBase"]
[SourceDate "2018.10.10"]
[SourceVersion "1"]
[SourceVersionDate "2018.10.10"]
[SourceQuality "1"]

1. e4 e6 2. d4 d5 3. exd5 exd5 4. Nf3 c6 5. Be2 Bd6 6. 0-0 Ne7 7. Ne5 Nd7 8. f4 Nf6 9. c4 a6 10. c5 Bc7 11. Nc3 0-0 12. Bf3 b6 13. Na4 bxc5 14. Nxc5 Bd6 15. Be3 Rb8 16. b3 Qc7 17. Rc1 Qa5 18. Qd2 Qb4 19. Qxb4 Rxb4 20. a3 Rb6 21. b4 Bxe5 22. fxe5 Ne8 23. Be2 Nc7 24. Bd3 Ne6 25. Nxe6 Bxe6 26. Rc5 h6 27. Rfc1 Ra8 28. Ra5 Nf5 29. Bxf5 Bxf5 30. Bd2 Bd3 31. Rac5 Bc4 32. Re1 Re8 33. a4 Re6 34. h3 Rb8 35. Re3 Rbe8 36. b5 axb5 37. axb5 cxb5 38. Rg3 Kh7 39. Rc7 R8e7 40. Rxe7 Rxe7 41. Bb4 Ra7 42. Bf8 g5 43. Rf3 Rb7 44. Rf6 b4 45. Rf2 b3 46. Ba3 Bd3 47. Rb2 Bc2 48. Kf2 Kg6 49. g4 h5 50. Kg3 Rb6 51. Bc5 Rc6 52. Bb4 Rc4 0-1

[Event "Santa Eulalia Vall del Tenes op 7th"]
[Site "Santa Eulalia de Roncana"]
[Date "2018.05.25"]
[Round "6.8"]
[White "Vicente Soriano, Josep"]
[Black "Bouzas Arcos, Juan Manuel"]
[Result "1/2-1/2"]
[WhiteElo "1679"]
[BlackElo "1764"]
[PlyCount "57"]
[EventDate "2018.04.06"]
[EventType "swiss"]
[EventRounds "8"]
[EventCountry "ESP"]
[SourceTitle "EXT 2024"]
[Source "ChessBase"]
[SourceDate "2023.10.10"]
[SourceVersion "1"]
[SourceVersionDate "2023.10.10"]
[SourceQuality "1"]

1. e4 c5 2. Nc3 Nc6 3. f4 e6 4. Nf3 a6 5. g3 g6 6. Bg2 Bg7 7. 0-0 d6 8. d3 Nge7 9. Ne2 0-0 10. c3 b5 11. d4 cxd4 12. Nexd4 Bb7 13. Be3 Na5 14. Nd2 Rc8 15. N4b3 Nc4 16. Nxc4 Rxc4 17. Nd2 Rc8 18. Rc1 d5 19. Qe2 dxe4 20. Nxe4 Nd5 21. Bc5 Re8 22. b4 Bf8 23. Rfd1 Bxc5+ 24. bxc5 Qc7 25. Qf2 Red8 26. Nd6 Rb8 27. Nxb7 Rxb7 28. c4 bxc4 29. Rxc4 1/2-1/2

[Event "Moia op 6th"]
[Site "Moia"]
[Date "2017.10.06"]
[Round "3"]
[White "Vicente Soriano, Josep"]
[Black "Barcons Gallach, Alfonso"]
[Result "1/2-1/2"]
[WhiteElo "1706"]
[BlackElo "1583"]
[PlyCount "54"]
[EventDate "2017.09.22"]
[EventType "swiss"]
[EventRounds "8"]
[EventCountry "ESP"]
[SourceTitle "CBM 189 Extra"]
[Source "ChessBase"]
[SourceDate "2019.06.03"]
[SourceVersion "1"]
[SourceVersionDate "2019.06.03"]
[SourceQuality "1"]

1. e4 e5 2. Nc3 Nc6 3. f4 Nf6 4. Nf3 d6 5. Bc4 Bg4 6. h3 Bxf3 7. Qxf3 Nd4 8. Qd1 a6 9. d3 Be7 10. 0-0 0-0 11. Be3 c5 12. Nd5 b5 13. Nxf6+ Bxf6 14. Bd5 Rb8 15. c3 Ne6 16. Bxe6 fxe6 17. Qc2 exf4 18. Bxf4 e5 19. Be3 Qe7 20. b3 Bg5 21. Qd2 Bxe3+ 22. Qxe3 Rf6 23. Rxf6 Qxf6 24. Rf1 Qe7 25. Qf3 Rf8 26. Qxf8+ Qxf8 27. Rxf8+ Kxf8 1/2-1/2

[Event "Moia op 5th"]
[Site "Moia"]
[Date "2016.10.21"]
[Round "4"]
[White "Carvajal Rodriguez, Juan"]
[Black "Vicente Soriano, Josep"]
[Result "0-1"]
[WhiteElo "1441"]
[BlackElo "1740"]
[PlyCount "52"]
[EventDate "2016.09.23"]
[EventType "swiss"]
[EventRounds "8"]
[EventCountry "ESP"]
[SourceTitle "EXT 2018"]
[Source "ChessBase"]
[SourceDate "2017.10.13"]
[SourceVersion "1"]
[SourceVersionDate "2017.10.13"]
[SourceQuality "1"]

1. e4 c5 2. Nf3 Nc6 3. Bc4 e6 4. Nc3 a6 5. a4 g6 6. d3 Bg7 7. Bg5 Qc7 8. 0-0 h6 9. Bh4 Nge7 10. Bg3 d6 11. Re1 0-0 12. Ba2 e5 13. Nh4 Kh7 14. Nd5 Nxd5 15. Bxd5 Ne7 16. Bc4 g5 17. Nf3 f5 18. h3 f4 19. Bh2 Ng6 20. g3 Qe7 21. Kg2 g4 22. hxg4 Bxg4 23. Qd2 fxg3 24. Re3 Bxf3+ 25. Rxf3 gxh2 26. Kxh2 Rxf3 0-1

[Event "Barcelona Sant Marti op-B 18th"]
[Site "Barcelona"]
[Date "2016.07.20"]
[Round "8.9"]
[White "Hinarejos Montano, Andres"]
[Black "Vicente Soriano, Josep"]
[Result "1/2-1/2"]
[WhiteElo "1620"]
[BlackElo "1757"]
[PlyCount "52"]
[EventDate "2016.07.13"]
[EventType "swiss"]
[EventRounds "9"]
[EventCountry "ESP"]
[SourceTitle "EXT 2024"]
[Source "ChessBase"]
[SourceDate "2023.10.10"]
[SourceVersion "1"]
[SourceVersionDate "2023.10.10"]
[SourceQuality "1"]

1. d4 Nf6 2. Nf3 g6 3. e3 Bg7 4. c4 d6 5. Bd3 0-0 6. 0-0 Nbd7 7. Nc3 Re8 8. e4 e5 9. d5 Nc5 10. h3 Rf8 11. Bc2 a5 12. Be3 Bd7 13. Bxc5 dxc5 14. Nxe5 Qe7 15. Nxd7 Nxd7 16. Qd2 Nb6 17. b3 a4 18. Rab1 axb3 19. axb3 Qe5 20. Ne2 Ra2 21. f4 Qxe4 22. Bxe4 Rxd2 23. Bf3 Ra8 24. Rbd1 Rxd1 25. Rxd1 Ra1 26. Ng3 Rxd1+ 1/2-1/2

[Event "Vall del Tenes op 4th"]
[Site "Santa Eulalia de Roncana"]
[Date "2015.05.08"]
[Round "4"]
[White "Vicente Soriano, Josep"]
[Black "Costa Trave, Jaume"]
[Result "1/2-1/2"]
[WhiteElo "1993"]
[BlackElo "2145"]
[PlyCount "92"]
[EventDate "2015.04.10"]
[EventType "swiss"]
[EventRounds "8"]
[EventCountry "ESP"]
[SourceTitle "CBM 166 Extra"]
[Source "ChessBase"]
[SourceDate "2015.06.18"]
[SourceVersion "1"]
[SourceVersionDate "2015.06.18"]
[SourceQuality "1"]

1. e4 c5 2. Nc3 e6 3. f4 a6 4. Nf3 b5 5. d3 Bb7 6. Be2 Nf6 7. 0-0 d5 8. e5 Ng8 9. Qe1 Nh6 10. a4 b4 11. Nd1 Nc6 12. c3 Be7 13. Ne3 g6 14. f5 Nxf5 15. Nxf5 gxf5 16. d4 Rg8 17. Be3 c4 18. cxb4 Nxb4 19. Qd1 Rc8 20. Bd2 Qb6 21. a5 Qc6 22. Bc3 Qd7 23. Qd2 Nc6 24. Qh6 Kd8 25. b3 cxb3 26. Rfb1 Qe8 27. Rxb3 Kc7 28. Rab1 Rb8 29. Qc1 Qd7 30. Bb4 Bxb4 31. Rxb4 Rgc8 32. Qc5 Ba8 33. Rb6 Kd8 34. Qf8+ Kc7 35. Qc5 Kd8 36. Bxa6 Rxb6 37. Qxb6+ Rc7 38. Qc5 Ke8 39. Bb5 Qe7 40. Bxc6+ Bxc6 41. Rb8+ Kd7 42. Qb6 Qa3 43. Kf1 f4 44. a6 Qd3+ 45. Kf2 Qe3+ 46. Kf1 Qd3+ 1/2-1/2

[Event "Moia op 3rd"]
[Site "Moia"]
[Date "2014.09.26"]
[Round "2"]
[White "Vicente Soriano, Josep"]
[Black "Molina Carretero, Daniel"]
[Result "0-1"]
[WhiteElo "1962"]
[BlackElo "2152"]
[PlyCount "43"]
[EventDate "2014.09.19"]
[EventType "swiss"]
[EventRounds "8"]
[EventCountry "ESP"]
[SourceTitle "EXT 2016"]
[Source "ChessBase"]
[SourceDate "2015.10.08"]
[SourceVersion "1"]
[SourceVersionDate "2015.10.08"]
[SourceQuality "1"]

1. e4 c5 2. Nf3 d6 3. d4 cxd4 4. Nxd4 Nf6 5. Nc3 g6 6. f3 Bg7 7. Be3 Nc6 8. Bb5 Bd7 9. Bxc6 bxc6 10. Qd2 0-0 11. 0-0-0 Qa5 12. g4 Rfb8 13. Nb3 Qb4 14. a3 Qb7 15. g5 Nh5 16. Bd4 Be6 17. Bxg7 Nxg7 18. Qd3 Bxb3 19. cxb3 Ne6 20. Na4 Qxb3 21. Qxb3 Rxb3 22. h4 0-1